000 00700nam a2200265Ia 4500
005 20260302114949.0
008 008 260114s9999 xx 000 0 eng d
020 _a9781350492417
037 _aTextbook
040 _aCRL
040 _beng
040 _cCRL
041 _2eng
041 _aeng
084 _qCRL
100 _aJames Gunn, Marleen Barr, Matthew Candelaria
_91120300
245 0 _aReading Science Fiction
260 _bBloomsbury
260 _bBloomsbury Academic
260 _c2018
650 _aLiterary Studies
856 _uhttps://doi.org/10.1057/978-1-137-07898-8?locatt=label:secondary_bloomsburyCollections
942 _cEBOOK
999 _c1684460
_d1684460